000 00353nam a22001337a 4500
005 20260320120110.0
008 260320b |||||||| |||| 00| 0 eng d
040 _cFLL
041 _2eng
_aeng
100 _aThakran, Himanshu
_91132646
245 _aAnti Defection Law
_bA Paradox of Democracy
260 _aDU
_bFaculty of Law
_c2023
942 _2CC
_cDIS
999 _c1715822
_d1715822